000 01252cam a2200325 a 4500
999 _c173031
_d173031
001 15720148
003 Nust
005 20180117090019.0
008 090430s2010 nyua b 001 0 eng
010 _a 2009018336
020 _a9780136026884 (alk. paper)
020 _a0136026885 (alk. paper)
035 _a(OCoLC)ocn268789330
040 _aDLC
_cDLC
_dYDX
_dBTCTA
_dYDXCP
_dBWX
_dDLC
050 0 0 _aJF1601
_b.K56 2010
082 _a352.6
100 1 _aKlingner, Donald E.
245 1 0 _aPublic personnel management :
_bcontexts and strategies /
_cDonald E. Klingner, John Nalbandian, Jared Llorens.
250 _a6th ed.
260 _aNew York :
_bLongman,
_cc2010.
300 _axii, 372 p. :
_bill. ;
_c24 cm.
504 _aIncludes bibliographical references and index.
650 0 _aCivil service
_xPersonnel management.
700 1 _aNalbandian, John,
_d1944-
700 1 _aLlorens, Jared.
906 _a7
_bcbc
_corignew
_d1
_eecip
_f20
_gy-gencatlg
942 _2ddc
_cBK